Retrato de un matrimonio /

Vita Sackville-West (1892-1962), fue una de las escritoras inglesas que animaron el famoso grupo de Bloomsbury. Amiga cercana de Virginia Woolf, ésta se inspiró en Vita y su familia para escribir Orlando. Algunos de sus libros son: Poesías de Occidente y de Oriente (1917), Pasajero para Teherán (191...

Descrición completa

Gardado en:
Detalles Bibliográficos
Autor Principal: Sackville-West, Vita (autor)
Outros autores: Nicolson, Nigel (autor) (autor)
Formato: Libro
Idioma:Lingua castelá
Publicado: Barcelona, España : Grijalbo, 1975, c1975
Temas:
Etiquetas: Engadir etiqueta
Sen Etiquetas, Sexa o primeiro en etiquetar este rexistro!

MARC

LEADER 00000nam^a2200000^a^4500
001 000155881
005 20250521000000.0
009 20260310100443.135
020 |a 84-253-0462-8 
037 |a Acervo ITESO - Biblioteca 
041 |a ESP 
082 |a 820. 92  |b SAC 
100 |a Sackville-West, Vita  |e (autor) 
245 1 0 |a Retrato de un matrimonio /  |c V. Sackville-West, N. Nicolson ; tr. por Oscar Luis Molina. 
264 4 |a Barcelona, España :  |b Grijalbo,  |c 1975, c1975 
300 |a 320 p. 
336 |a texto  |b txt  |2 rdacontenido 
337 |a sin mediación  |b n  |2 rdamedio 
338 |a volumen  |b nc  |2 rdasoporte 
500 |a Traducción de: Portrait of a Marriage 
520 |a Vita Sackville-West (1892-1962), fue una de las escritoras inglesas que animaron el famoso grupo de Bloomsbury. Amiga cercana de Virginia Woolf, ésta se inspiró en Vita y su familia para escribir Orlando. Algunos de sus libros son: Poesías de Occidente y de Oriente (1917), Pasajero para Teherán (1917), Las eduardianas (1930), Toda pasión apagada (1931) y El jardín (1946), entre otros. Casada con Harold Nicolson, en 1920 estuvo trabajando en una especie de memorias a propósito de su matrimonio y de su relación con Violet Trefusis. Esos textos constituyen el punto de partida del libro que con el título de Retrato de un matrimonio publicó su hijo, Nigel Nicolson, en 1975. 
649 |a XX 
650 |a Escritores Ingleses -  |x Memorias 
650 |a Mujeres Inglesas -  |x Memorias 
650 |a Memorias Inglesas 
650 |a Literatura Inglesa -  |y Siglo XX 
650 |a Literatura de Mujeres -  |z Inglaterra 
650 |a Nicolson, Harold 
650 |a Trefusis, Violet 
600 |a Sackville-West, Vita 
700 |a Nicolson, Nigel  |e (autor) 
910 |a Fondo General 
920 |a Impresos - Libros 
930 |a Colección General 
940 |a Literatura 
905 |a 101 
901 |a 0500083527  |b IT1  |c LIT  |u 20250521 
902 |a https://opac.biblio.iteso.mx/vufind/Record/000155881